000 00317nam a2200133Ia 4500
008 191201s2011 xx 000 0 und d
082 _a005.8
_bPFS
100 _aPFLEEGER, Charles P
245 0 _aSecurity in Computing
260 _aN.Delhi
_bPHI
_c2011
300 _a868
650 _aB.Tech(CSE)
942 _2ddc
_cBK
_02
999 _c3892
_d3892